Metodología de cálculo de diseño de un sistema de riego por aspersión aplicado en el cultivo del maíz Zea Mays L. en el centro experimental agrícola de la FTC propiedad de la UNI, CEA - UNI - FTC
Presenta el diseño de un sistema de riego por aspersión aplicado en el cultivo del maíz en el centro experimental agrícola de la FTC propiedad de la UNI, CEA - UNI - FTC, incluye diseño agronómico e hidráulico del sistema de riego.
| Main Authors: | , |
|---|---|
| Other Authors: | |
| Format: | Tesis Section = Libro |
| Language: | Undetermined Spanish |
| Published: |
Managua
UNI
2012
|
| Subjects: |
| LEADER | 01169nam a2200253Ia 4500 | ||
|---|---|---|---|
| 008 | 240830s9999 xx 000 0 und d | ||
| 040 | |a BIBLIOTECA-RUPAP Mon 631.587 K41 | ||
| 041 | |a spa | ||
| 082 | |a Mon 631.587 K41 | ||
| 100 | 1 | |a Kerr Pérez, Irasema Isabel | |
| 100 | 1 | |b Centeno Rodríguez, Héctor Osmany | |
| 245 | 1 | 0 | |a Metodología de cálculo de diseño de un sistema de riego por aspersión aplicado en el cultivo del maíz Zea Mays L. en el centro experimental agrícola de la FTC propiedad de la UNI, CEA - UNI - FTC |
| 260 | |a Managua |b UNI |c 2012 | ||
| 300 | |a 123 p. :il. | ||
| 500 | |a Contiene: anexos e Incluye: CD. | ||
| 502 | |a Tesis (Ingeniero Agrícola)- UNI, 2012. | ||
| 520 | 3 | |a Presenta el diseño de un sistema de riego por aspersión aplicado en el cultivo del maíz en el centro experimental agrícola de la FTC propiedad de la UNI, CEA - UNI - FTC, incluye diseño agronómico e hidráulico del sistema de riego. | |
| 650 | 7 | |a IRRIGACION - ASPERSION | |
| 650 | 7 | |b RIEGO POR ASPERSION | |
| 650 | 7 | |c CULTIVOS CON REGADIO | |
| 700 | 1 | |a Tutor: |b Aguilar Velásquez, Alvaro Beni | |
| 942 | |c BK |2 ddc | ||
| 991 | |a TESIS | ||
| 999 | |c 16681 | ||